000 00999nam a2200277 i 4500
003 DO-SdBNP
005 20230908152254.0
006 a||||fr|||| 00| 0
007 ta
008 230908b200? |||||||| |||| 00| 0 spa d
040 _aDO-SdBNP
_bspa
_cBNPHU
_erda
082 4 _222
_bA642p
245 1 0 _aAplicación Pla&Prosoft:
_bplanificación y programación en Excel y Proiect. manual del usuario
_cMiguel A. Campusano Michel.
246 1 3 _aPla&Prosoft:
246 1 3 _aPlanificación y programación en Excel y Proiect:
_bmanual del usuario
264 _a[sin lugar] :
_b[sin editora]
_c[200?]
300 _a148 págianas :
_bIlustraciones, gráficas ;
_c29 cm.
336 _2rdacontent
_atexto
_btxt
337 _2rdamedia
_asin mediación
_bn
338 _2rdacarrier
_avolumen
_bnc
500 _aIncluye índices, páginas143 - 144
504 _aBibliografía: páginas 145 - 148
563 _aCopia en original encuadernado en espiral.
590 _aInventariado 2023 / MF
942 _2ddc
_cLBS1
999 _c54664
_d54664